MDQL
is popping MORE tags! Check the
thread
!
Quizzes
Events
Quiz Creation
Community
Videos
Private Events
Remove Ads
Sign In
Join for FREE
Feedback
Dark Mode
Quiz Categories
Sports
Geography
Music
Movies
Television
Just For Fun
Miscellaneous
History
Literature
Language
Science
Gaming
Entertainment
Religion
Holiday
For Kids
Quiz Lab
Recent
Popular Today
Quiz Kudos Today
Editor Picks
Curator Picks
Quizzes by...
Day
Popularity
Type
Ratings
Length
Year
Community
Subscriptions
Recent Discussions
Orange Saloon
Badges
Playlists
Quests
Create
Leaderboards
Showdown
Live 5
Trivia Bingo
Activity
Puzzle Library
Sporcle Events
Private Events
Virtual Trivia
Globe League
Become a Host
Pub Owners
SporcleCon
Opinionation
Our Games
Videos
Blog
Mobile Apps
Partnerships
Remove Ads and Go Orange
Feedback
Miscellaneous
Crossword
General Knowledge
Baby Names
Logo
Food
Cars
Numbers
Grab Bag
University
College
Popular
Company
Slogans
Restaurants
Justice
Letter
Miscellaneous
Crossword
General Knowledge
Baby Names
Logo
Food
Cars
Numbers
Grab Bag
University
College
Popular
Company
Slogans
Restaurants
Justice
Letter
Random Quiz
Search Sporcle
×
Quiz Lab
Quiz Lab
Miscellaneous
Type in answers that appear in a list
Type in answers that appear in a list
Classic
Best Score? Go Orange.
Top female dog names of 2010 Stats
Can you name the Top female dog names of 2010?
By
cowboysmith
15m
50 Questions
49 Plays
49 Plays
49 Plays
Comments
Comments
Give Quiz Kudos
Give Quiz Kudos
-
- Ratings
hide this ad
Replay
Link that replays current quiz
Next Quiz
Link to next quiz in quiz playlist
You Got
0%
They Got
Avg Score
26%
Avg Friend Score
Upgrade to see
Score Distribution
Jump to the score distribution portion of the page
Score
0/50
Timer
15:00
0
Plays Today
Ranking
Name
% Correct
3
Lucy
61.2%
2
Molly
53.1%
1
Bella
49%
20
Princess
46.9%
5
Daisy
44.9%
18
Lily
44.9%
23
Rosie
44.9%
27
Lily
44.9%
4
Maggie
42.9%
8
Chloe
40.8%
11
Zoe
40.8%
21
Emma
38.8%
6
Sophie
36.7%
22
Annie
36.7%
29
Katie
36.7%
7
Sadie
34.7%
19
Angel
32.7%
12
Abby
28.6%
41
Jasmine
28.6%
15
Gracie
26.5%
24
Ruby
26.5%
34
Belle
26.5%
37
Holly
26.5%
10
Lola
24.5%
25
Lady
24.5%
Ranking
Name
% Correct
43
Sandy
24.5%
9
Bailey
22.4%
17
Sasha
22.4%
28
Mia
20.4%
35
Casey
20.4%
31
Madison
18.4%
14
Roxie
16.3%
16
Coco
16.3%
26
Missy
16.3%
36
Samantha
16.3%
38
Lexi
16.3%
44
Roxie
16.3%
46
Heidi
16.3%
49
Honey
16.3%
30
Zoey
14.3%
39
Lulu
14.3%
42
Shelby
14.3%
13
Ginger
12.2%
50
Dakota
12.2%
32
Stella
10.2%
33
Penny
10.2%
40
Brandy
8.2%
45
Pepper
6.1%
47
Luna
6.1%
48
Dixie
6.1%
Quiz Playlist
Details
Report
Send in Message
Add To Playlist
Classic:
Type in answers that appear in a list
Quiz Source
Last Updated: Feb 16, 2017
Quiz Scoreboard
CHALLENGE
Sign Up to Join the Scoreboard
Show All
Scores
Hide
Comments
May contain spoilers
Recently Published
5x2 Blitz: Bands
by SL_Kpop136
Music
30s
Colored Red Africa Blitz
by spor1
Geography
30s
Find the 'City' Movie
by crazypaving
Movies
60s
More to Explore
Quiz From the Vault
Featured Blog Post
14 Easter Pick-up Lines to Find Eggs With
hide this ad
You Might Also Like...
Tags
This quiz does not have any tags.
Today's Top Quizzes in Miscellaneous
Browse Miscellaneous
hide this ad
Top Contributed Quizzes in Miscellaneous
1
5-to-1: Fast Food
2
9x9 Crossword: Disney Movie Titles
3
9x9 Crossword: Charlie and the Chocolate Factory
4
9x9 Crossword: Halloween
5
The JOE quick-fire general knowledge quiz: Day 174
6
Picture Click Blitz: Airline Logos
7
9x9 Crossword: 2022 Movies
8
9x9 Crossword: Toy Story
9
9x9 Crossword: The Simpsons
10
random perfect cubes 1-30
Explore More
Trending Topics
Disney
Harry Potter
Kpop
NBA
Marvel
Anime
Crossword
WWE
NFL
Puzzle
Song
The Office
Country
Pokémon
Soccer
hide this ad
More By:
cowboysmith
Quiz
Plays
Rating
Category
Featured
Created
Video Game Systems by Their Taglines
601
2.14
Gaming
Aug 20, 2010
Super Metroid Bosses
589
4.33
Gaming
Nov 21, 2010
Wipeout obstacles
515
3.00
Television
Aug 4, 2010
Flight of the Conchords ''The Humans are Dead'' lyrics
438
3.38
Music
Jul 18, 2011
Top Tornado-prone Cities in the US
318
2.00
Geography
Jun 10, 2011
Go to Creator's Profile
Score Distribution
Quiz Creator Spotlight
cowboysmith
Follow
Send a Message
Quizzes Created
-
Created Quiz Play Count
-
More By This Creator
Popular Quizzes Today
1
5x2 Blitz: Bands
2
Find the 'City' Movie
3
Find the US States - No Outlines Minefield
4
Colored Red Africa Blitz
5
The Countries of the World
6
Find the US States
7
Risky Map Clicking: Biggest States A-Z
8
9x9 Crossword: Cartoon Network
More Miscellaneous Quizzes
Close-Up 'O' Images
Published
Trending Quizzes
Colored Red Africa Blitz II
Colored Red Europe Blitz I
Find the 'Dark' Movie
Find the 'Day' Movie
Find the 'Good' Movie
Recently Updated
Champions League XIs: Real Madrid
pecheneg
Largest US Cities 1790-2010
pecheneg
Rides in Walt Disney World
pecheneg
Most Oscar Losses (Acting)
pecheneg
Beyoncé Albums
pecheneg
Leaping Animals
pecheneg
Reality TV Shows (A-Z)
bhenderson79
Rickey Henderson's Hall of Fame Teammates
pecheneg
Champions League XIs: Arsenal
pecheneg
Quick Pick: Celebrities in WWE's Hall of Fame
aduchscher
Trending Topics
Anime
Harry Potter
Disney
Crossword
Marvel
Kpop
NBA
The Office
Country
Song
NFL
WWE
Pokémon
Puzzle
Soccer
Your Account Isn't Verified!
In order to create a playlist on Sporcle, you need to verify the email address you used during registration. Go to your
Sporcle Settings
to finish the process.
Report this User
Report this user for behavior that violates our
Community Guidelines
.
Details:
Send Report
Go to the Sporcle.com Mobile Site →
Comments